Gares de la Vienne - Statistiques

Statistiques générales
  • Ce quiz a été pris 88 fois
  • Le résultat moyen est 9 sur 24
Statistiques - réponses
Nombre de voyageurs Gares % Correct
3 718 607 Poitiers
100%
623 414 Châtellerault
95%
171 433 Futuroscope
76%
5 235 Mignaloux - Nouaillé
69%
45 973 Montmorillon
52%
46 072 Vivonne
52%
53 287 Lusignan
48%
32 609 Naintré
45%
15 885 Ligugé
43%
20 844 Chasseneuil du Poitou
40%
25 038 Jaunay Clan
38%
29 910 Lussac les Châteaux
36%
18 291 Iteuil
33%
31 152 Dangé Saint Romain
29%
42 394 Saint Saviol
29%
18 386 Anché - Voulon
24%
34 477 Dissay
21%
27 027 La Tricherie
21%
16 897 Rouillé
21%
3 107 Lathus
17%
6 961 Nerpuy
17%
10 058 Ingrandes sur Vienne
14%
1 220 Epanvilliers
12%
5 622 Les Ormes sur Vienne
10%
Aucun quiz correspondant
Distribution des résultats
% des personnes avec chaque résultat
Percentile par nombre de réponses
Votre historique - résultats
Vous n’avez pas pris ce quiz